Duran Duran: Albums by Cover - Statistics

General Stats
  • This quiz has been taken 37 times
  • The average score is 9 of 16
Answer Stats
Picture Hint Answer % Correct
1982 Rio
93%
1981 Duran Duran
86%
1993 Duran Duran (The Wedding Album)
79%
1988 Big Thing
57%
2021 Future Past
57%
1986 Notorious
57%
2015 Paper Gods
57%
2011 All You Need Is Now
50%
2004 Astronaut
50%
2000 Pop Trash
50%
1983 Seven and the Ragged Tiger
50%
2007 Red Carpet Massacre
43%
2023 Danse Macabre
36%
1990 Liberty
36%
1997 Medazzaland
36%
1995 Thank You
29%
No matching quizzes found
Score Distribution
Percent of People with Each Score
Percentile by Number Answered
Your Score History
You have not taken this quiz